000 00588nam a2200229 i 4500
001 C2-0220969
003 PPAK
005 20180728150727.0
008 991007s xx a|||| ||||| | eng d
040 _aPPAK
_beng
_cPPAK
_erda
082 0 4 _a915.95112
_223
090 0 0 _a915.95112
_bRIT
_dKK
100 0 _aRitzeraynn Rashid,
_eauthor
245 1 0 _aArticles on langkawi
300 _a24 pages :
_billustrations ;
_c30 cm
336 _2rdacontent
_atext
337 _2rdamedia
_aunmediated
338 _2rdacarrier
_avolume
650 1 0 _aTravel
700 _eauthor
942 _ddc
_cB
999 _c142736
_d142736